موسوعة المستشرقين

Bibliographic Details
Main Author: بدوي, عبد الرحمن (Author)
Format: Book
Published: Bayrut : Dar al-`Ilm al-Malayiin , 1984
Subjects:

MARC

LEADER 00000cam a2200000 7i4500
001 0000005831
005 20051115093000.0
090 0 0 |a PJ63   |b .B32 1984 
100 0 |a بدوي, عبد الرحمن ,   |e author 
241 2 0 |a Mawsuat al-mustashriqin 
245 1 0 |a موسوعة المستشرقين   |c عبد الرحمن بدوي 
260 2 |a Bayrut :   |b Dar al-`Ilm al-Malayiin ,   |c 1984 
300 |a 446 p. ;   |c 29 cm. 
504 |a Includes index 
650 0 |a Orientalists   |x Bio-bibliography 
999 |a 1000072610   |b Book   |c OPEN SHELF (30 DAYS)   |e Gong Badak Campus 
999 |a 1000072611   |b Book   |c OPEN SHELF (30 DAYS)   |e Gong Badak Campus